Tratado general y matemático de reloxería, que comprénde el módo de hacer reloxes de todas clases, y el saberlos componer y arreglar por difíciles que séan (Record no. 5594)

MARC details
000 -CABECERA
campo de control de longitud fija 00856nam a2200241 a 4500
001 - NÚMERO DE CONTROL
campo de control BRCA_5905
005 - FECHA Y HORA DE LA ÚLTIMA TRANSACCIÓN
campo de control 20190320205246.0
008 - DATOS DE LONGITUD FIJA--INFORMACIÓN GENERAL
campo de control de longitud fija 180311s1791----sp-a######---#000-0#spa-#
041 ## - CÓDIGO DE LENGUA
Código de lengua del texto/banda sonora o título independiente spa
044 ## - CÓDIGO DEL PAÍS DE LA ENTIDAD EDITORA/PRODUCTORA
Código MARC del país sp
050 #4 - SIGNATURA TOPOGRÁFICA DE LA BIBLIOTECA DEL CONGRESO
Número de clasificación TS545
Número de documento/Ítem .Z47 2 1791
100 1# - ENTRADA PRINCIPAL--NOMBRE DE PERSONA
Nombre de persona Zerella y Ycoaga, Manuel de
9 (RLIN) 14934
245 10 - MENCIÓN DE TÍTULO
Título Tratado general y matemático de reloxería, que comprénde el módo de hacer reloxes de todas clases, y el saberlos componer y arreglar por difíciles que séan
Mención de responsabilidad, etc. Manuel de Zerella y Ycoaga.
260 ## - PUBLICACIÓN, DISTRIBUCIÓN, ETC.
Lugar de publicación, distribución, etc. Madrid
Nombre del editor, distribuidor, etc. Imprenta Real
Fecha de publicación, distribución, etc. 1791
300 ## - DESCRIPCIÓN FÍSICA
Extensión xiv, 408 p.
Otras características físicas il., 22 láminas
Dimensiones 25 cm.
500 ## - NOTA GENERAL
Nota general Incluye índice alfabético y tabla de ilustraciones
500 ## - NOTA GENERAL
Nota general Ver también G57 (1a ed., 1789)
500 ## - NOTA GENERAL
Nota general G58
650 14 - PUNTO DE ACCESO ADICIONAL DE MATERIA--TÉRMINO DE MATERIA
Término de materia o nombre geográfico como elemento de entrada Relojes
Subdivisión general Fabricación
9 (RLIN) 14935
650 14 - PUNTO DE ACCESO ADICIONAL DE MATERIA--TÉRMINO DE MATERIA
Término de materia o nombre geográfico como elemento de entrada Relojes
Subdivisión general Reparación
9 (RLIN) 14936
902 ## - CATALOGADOR
Iniciales GFM
942 ## - ELEMENTOS DE PUNTO DE ACCESO ADICIONAL (KOHA)
Fuente del sistema de clasificación o colocación Library of Congress Classification
Tipo de ítem Koha Libros
Holdings
Estado de retiro Estado de pérdida Estado dañado No para préstamo Localización permanente Ubicación/localización actual Fecha de adquisición Número de inventario Total de préstamos Signatura topográfica completa Código de barras Fecha visto por última vez Precio válido a partir de Tipo de ítem Koha
El ejemplar forma parte de la colección y puede ser consultado según las políticas vigentes.       Biblioteca del Museo Franz Mayer (Rogerio Casas-Alatriste) Biblioteca del Museo Franz Mayer (Rogerio Casas-Alatriste) 18/03/2011 G58   TS545 .Z47 2 1791 (G58) 6344 22/03/2019 22/03/2019 Libros